Tratado de protocolo / Jacinto Cano de la Vega. (Record no. 146290)
[ view plain ]
| 000 -LEADER | |
|---|---|
| campo de control de longitud fija | 00509nam a2200181 i 4500 |
| 001 - NÚMERO DE CONTROL | |
| campo de control | 146290 |
| 003 - IDENTIFICADOR DE NÚMERO DE CONTROL | |
| campo de control | ES-MaACL |
| 005 - FECHA Y HORA DE LA ÚLTIMA TRANSACCIÓN | |
| campo de control | 20230906201500.0 |
| 007 - CAMPO FIJO DE DESCRIPCIÓN FÍSICA--INFORMACIÓN GENERAL | |
| campo de control de longitud fija | t| |
| 008 - DATOS DE LONGITUD FIJA--INFORMACIÓN GENERAL | |
| campo de control de longitud fija | 070906s1961 sp ||||1| spa d |
| 100 1# - ENTRADA PRINCIPAL--NOMBRE DE PERSONA | |
| Nombre de persona | Cano de la Vega, Jacinto. |
| 9 (RLIN) | 165266 |
| 245 10 - MENCIÓN DEL TÍTULO | |
| Título | Tratado de protocolo / Jacinto Cano de la Vega. |
| 260 ## - PUBLICACIÓN, DISTRIBUCIÓN, ETC. | |
| Lugar de publicación, distribución, etc. | [Valencia : |
| Nombre del editor, distribuidor, etc. | Gráf. Genovés, |
| Fecha de publicación, distribución, etc. | 1961] |
| 300 ## - DESCRIPCIÓN FÍSICA | |
| Extensión | 139 p. ; |
| Dimensiones | 24 cm. |
| 650 04 - PUNTO DE ACCESO ADICIONAL DE MATERIA--TÉRMINO DE MATERIA | |
| Término de materia o nombre geográfico como elemento de entrada | Ceremonial- |
| Subdivisión geográfica | España. |
| 9 (RLIN) | 10909 |
| 650 ## - PUNTO DE ACCESO ADICIONAL DE MATERIA--TÉRMINO DE MATERIA | |
| Término de materia o nombre geográfico como elemento de entrada | Etiqueta. |
| 9 (RLIN) | 12596 |
| 852 ## - LOCALIZACIÓN | |
| Ubicación | ES-MaACL |
| Número de control de estantería | C-20662 |
| Estatus retirado | Estado de pérdida | Estado de daño | No para préstamo | Biblioteca de origen | Biblioteca actual | Ubicación en estantería | Fecha de adquisición | Fuente de adquisición | Total de préstamos | Signatura topográfica completa | Código de barras | Visto por última vez | Precio de reemplazo | Tipo de ítem Koha |
|---|---|---|---|---|---|---|---|---|---|---|---|---|---|---|
| Biblioteca del Ateneo de Madrid | Biblioteca del Ateneo de Madrid | Galería | 17/01/2008 | C-20662 | 1152690 | 23/02/2023 | 23/02/2023 | Libro impreso |
